000 00915nam a22002532 4500
001 0000005937
005 20151217155829.0
008 070810s xx 000 0 eng d
020 _a9780821363225 :
_cKES 1,600
040 _aKABU
_cKABU
050 0 _aHC800
_b.Z9P63A88
245 1 0 _aAttacking Africa's poverty :
_bexperience from the ground /
_cedited by Louise Fox, Robert Liebenthal.
260 _aWashington, DC :
_bWorld Bank,
_c2005.
300 _axxi, 389 p.
650 0 _aEconomic assistance
_zAfrica
_xCase studies.
_@0000157252
650 0 _aPoverty
_zAfrica.
_xCase studies.
_@0000157253
650 0 _aEconomic development projects
_zAfrica.
_xCase studies.
_@0000157254
700 1 _aFox, Louise.
_@0000157255
700 1 _aLiebenthal, Robert.
_@0000157256
710 2 _aWorld Bank.
_@0000150142
908 _a070810
950 _@1
999 _c13004
_d13004